LEADER 01114nam a2200241 i 4500 001 000000223902 003 CaOOAMICUS 005 20260326100911.0 008 131022s1961 it u000 u ita u 013 $a202800 040 $aSeMil$bita 240 10$aBibbia. Nuovo Testamento. Vangeli.$0(OLS)http://semarc/title/450754 245 13$aIl santo Vangelo di Gesł Cristo /$ctradotto dal testo greco e commentato dal p. Giovanni Re. 250 $a4. ed. riveduta e aggiornata 264 1$aTorino :$bSocietą Editrice Internazionale,$c1961. 300 $aLII, 512 p., [22] p. di tav. ;$c22 cm. 650 4$aBibbia. Nuovo Testamento. Vangeli - Commentari, studi, critica, interpretazioni.$0(OLS)http://semarc/subject/537 700 1 $aRe, Giovanni,$c.$0(OLS)http://semarc/name/63668 850 $aSeMil 852 $aSeMil$W1$xVenegono$y1$m2VV III 1$j269055$B174248$CSeMilBibl$Z2$F184412 $81 996 $6245$aIl santo Vangelo di Gesł Cristo$9(OLS)http://semarc/title/321000 996 $6264$aTorino :$bSocietą Editrice Internazionale$9(OLS)http://semarc/publisher/29847